Almirall / Josep M. Figueres ; coordinador: Josep Lluís Alcofar Nassaes Josep Lluís Alcofar Nassaes
ISBN:
84-7327-184-x
Descripción Física:
50 p. : il. ; 21 cm
Colección:
Gent nostra ; 63
Otros Autores:
Alcofar Nassaes, Josep Lluís
MARC
| LEADER | 00000nam a2200000Ia 4500 | ||
|---|---|---|---|
| 001 | 21947 | ||
| 008 | 160829s1988 xx 000 0 cat d | ||
| 020 | |a 84-7327-184-x | ||
| 080 | |a M-6-278 | ||
| 100 | 1 | |a Figueres, Josep M. |q (Josep Maria), |d 1950- |9 36314 | |
| 245 | |a Almirall / Josep M. Figueres ; coordinador: |b Josep Lluís Alcofar Nassaes | ||
| 260 | |a Barcelona : |b Nou Art Thor, |c 1988 | ||
| 300 | |a 50 p. : |b il. ; |c 21 cm | ||
| 490 | |a Gent nostra ; 63 | ||
| 650 | |a Almirall, Valentí |9 39384 | ||
| 650 | 0 | |a Polítics |z Catalunya |v Biografia |9 33087 | |
| 650 | |a Periodistes |x Catalunya |x Biografia I |9 39385 | ||
| 650 | |a Nacionalisme |x Catalunya |x Història |x S. XIX |9 34148 | ||
| 700 | 1 | |a Alcofar Nassaes, Josep Lluís |9 39387 | |
| 901 | |a Arxiu | ||
| 942 | |n 1 | ||
| 952 | |0 0 |1 0 |4 0 |6 M6278 |7 1 |9 48988 |a Arxiu |b Arxiu |d 2016-12-01 |l 0 |o M-6-278 |p 21947 |r 2016-12-01 00:00:00 |w 2016-12-01 |y ARXIU | ||
| 999 | |c 52823 |d 52823 | ||